[Event "ICC tourney 1897 (3 2)"]
[Site "Internet Chess Club"]
[Date "2020.07.03"]
[Round "15"]
[White "Xuanli28"]
[Black "chesspro565"]
[Result "1-0"]
[WhiteElo "1650"]
[BlackElo "1619"]
[PlyCount "111"]
[EventDate "2020.??.??"]

1. e4 c5 2. Nf3 d6 3. Bb5+ Nd7 4. d4 cxd4 5. Qxd4 a6 6. Bxd7+ Bxd7 7. O-O e6 8.
c4 Nf6 9. Nc3 Be7 10. Be3 O-O 11. h3 Qc7 12. Rac1 Rfd8 13. Rfd1 Rac8 14. b3 Be8
15. Qd2 Bc6 16. Nd5 exd5 17. cxd5 Nxe4 18. Qb4 Nf6 19. dxc6 bxc6 20. Bb6 Qb7
21. Qa5 Re8 22. Be3 Nd5 23. Bd4 Qb5 24. Qd2 Nf6 25. Bb2 Ne4 26. Qf4 d5 27. Nd4
Qb7 28. f3 Nf6 29. Nf5 Bf8 30. Nxg7 Bxg7 31. Bxf6 Bxf6 32. Qxf6 Re6 33. Qf5 Rg6
34. Kh1 Rd8 35. Rd4 Qb6 36. Rcd1 Qc5 37. h4 Re8 38. h5 Rge6 39. Rg4+ Kf8 40.
Qxh7 Re1+ 41. Rxe1 Rxe1+ 42. Kh2 Qg1+ 43. Kh3 Qh1+ 44. Kg3 Re2 45. Qh6+ Ke7 46.
Qg5+ Ke8 47. Kf4 Qc1+ 48. Kf5 Qb1+ 49. Kf4 Qc1+ 50. Kg3 Qe1+ 51. Kh2 Rd2 52.
Rf4 Qe6 53. Rf6 Qe7 54. h6 Qc7+ 55. f4 Qe7 56. h7 1-0

[Event "ICC tourney 1897 (3 2)"]
[Site "Internet Chess Club"]
[Date "2020.07.03"]
[Round "14"]
[White "chesspro565"]
[Black "cloak1"]
[Result "0-1"]
[WhiteElo "1644"]
[BlackElo "1883"]
[PlyCount "96"]
[EventDate "2020.??.??"]

1. d4 Nf6 2. c4 g6 3. Nc3 Bg7 4. e4 d6 5. Nf3 O-O 6. h3 a6 7. Be3 c6 8. a4 a5
9. Qc2 Na6 10. Rd1 Nb4 11. Qb1 d5 12. cxd5 cxd5 13. e5 Ne4 14. Nxe4 dxe4 15.
Nd2 Be6 16. Be2 f5 17. Bg5 h6 18. Bf4 g5 19. Bh2 Qxd4 20. Nc4 Qc5 21. b3 Rad8
22. O-O Nc6 23. Kh1 Nd4 24. Bh5 Bxc4 25. bxc4 Qb4 26. Qa2 Qc5 27. Rb1 Rd7 28.
Qb2 Bxe5 29. Bxe5 Qxe5 30. Rfd1 Rfd8 31. Qc3 Nc6 32. Qe1 Rxd1 33. Rxd1 Rxd1 34.
Qxd1 Qd4 35. Qb3 Qa1+ 36. Kh2 Qe5+ 37. g3 e3 38. fxe3 Nb4 39. c5+ e6 40. Bf3
Kg7 41. Qc4 h5 42. Kg2 g4 43. hxg4 hxg4 44. Be2 Qxe3 45. Bf1 Nc6 46. Qb5 Kf6
47. Qxb7 Qe4+ 48. Kh2 Nd4 0-1

[Event "ICC tourney 1897 (3 2)"]
[Site "Internet Chess Club"]
[Date "2020.07.03"]
[Round "13"]
[White "chesspro565"]
[Black "premierchess"]
[Result "0-1"]
[WhiteElo "1656"]
[BlackElo "1741"]
[PlyCount "74"]
[EventDate "2020.??.??"]

1. d4 Nf6 2. c4 e6 3. Nf3 b6 4. Nc3 Bb4 5. Bd2 Bb7 6. e3 O-O 7. Qc2 c5 8. Be2
cxd4 9. exd4 d5 10. cxd5 Nxd5 11. O-O Nc6 12. Bd3 h6 13. a3 Be7 14. Ne4 Rc8 15.
Qd1 Nf6 16. Be3 Na5 17. Ng3 Nc4 18. Qe2 Nxe3 19. fxe3 Bd6 20. Ne5 Bxe5 21. dxe5
Nd5 22. Be4 Qg5 23. Qh5 Qxe3+ 24. Kh1 Qg5 25. Qf3 Qxe5 26. Ne2 f5 27. Bd3 Qe3
28. Qh5 Nf6 29. Qg6 Qxd3 30. Nf4 Qd7 31. Rfe1 Rce8 32. Rad1 Qf7 33. Qg3 Ne4 34.
Qe3 e5 35. Nd3 f4 36. Qg1 Qh5 37. Rf1 Ng3# 0-1

[Event "ICC tourney 1897 (3 2)"]
[Site "Internet Chess Club"]
[Date "2020.07.03"]
[Round "12"]
[White "fastnfurious"]
[Black "chesspro565"]
[Result "0-1"]
[WhiteElo "1828"]
[BlackElo "1672"]
[PlyCount "102"]
[EventDate "2020.??.??"]

1. d4 Nf6 2. Nf3 g6 3. Bg5 Bg7 4. Bxf6 Bxf6 5. e3 O-O 6. h4 Bg7 7. h5 d6 8. c3
Nd7 9. Bd3 e5 10. hxg6 hxg6 11. Qb3 Qf6 12. Nbd2 c5 13. Ne4 Qe7 14. dxe5 Nxe5
15. Nxe5 Qxe5 16. Nd2 Be6 17. Qc2 d5 18. Nf3 Qf6 19. O-O-O a6 20. e4 c4 21. Be2
Qf4+ 22. Qd2 Qxe4 23. Ng5 Qf5 24. f4 b5 25. g4 Qf6 26. Nh7 Qe7 27. Bf3 b4 28.
Qh2 Rfd8 29. Ng5 bxc3 30. Qh7+ Kf8 31. Rde1 Qb4 32. Nxe6+ fxe6 33. Re2 cxb2+
34. Kb1 Qc3 35. Qxg6 Qxf3 36. Rhe1 c3 37. Qxe6 Qd3+ 38. Rc2 Re8 39. Qd6+ Kg8
40. Rh1 Qe4 41. Rd1 d4 42. f5 Qe5 43. Qc6 d3 44. Qc4+ Kf8 45. Qxd3 Rad8 46. Qf1
Rxd1+ 47. Qxd1 Qe1 48. Rc1 bxc1=Q+ 49. Kxc1 Qxd1+ 50. Kxd1 Re4 51. Kc2 Rxg4 0-1

[Event "ICC tourney 1897 (3 2)"]
[Site "Internet Chess Club"]
[Date "2020.07.03"]
[Round "10"]
[White "Venom2020"]
[Black "chesspro565"]
[Result "1-0"]
[WhiteElo "1742"]
[BlackElo "1607"]
[PlyCount "67"]
[EventDate "2020.??.??"]

1. e4 c5 2. Nf3 d6 3. d4 cxd4 4. Nxd4 Nf6 5. Nc3 a6 6. Bc4 e6 7. Bb3 b5 8. O-O
Nbd7 9. Bg5 Nc5 10. Re1 Be7 11. Nc6 Qc7 12. Nxe7 Qxe7 13. Bxf6 gxf6 14. f3 Bb7
15. Qd4 O-O 16. Rad1 Rfd8 17. Qe3 Rac8 18. Rd2 b4 19. Ne2 Nxb3 20. axb3 a5 21.
Red1 d5 22. exd5 Bxd5 23. Rxd5 Rxd5 24. Rxd5 Qb7 25. Rd2 Qc6 26. Ng3 a4 27.
bxa4 Qxa4 28. Ne4 Kg7 29. Qf4 f5 30. Qg5+ Kh8 31. Qf6+ Kg8 32. Ng5 Qa1+ 33. Kf2
Qc1 34. Qxf7+ 1-0

[Event "ICC tourney 1897 (3 2)"]
[Site "Internet Chess Club"]
[Date "2020.07.03"]
[Round "6"]
[White "Bo002"]
[Black "chesspro565"]
[Result "1-0"]
[WhiteElo "1666"]
[BlackElo "1522"]
[PlyCount "59"]
[EventDate "2020.??.??"]

1. d4 Nf6 2. c4 g6 3. Nc3 Bg7 4. e4 d6 5. Nge2 O-O 6. Ng3 Nbd7 7. Be2 e5 8. d5
Ne8 9. O-O Qh4 10. Qc2 Bh6 11. Bxh6 Qxh6 12. b4 Qg5 13. a3 f5 14. h4 Qf6 15.
exf5 gxf5 16. h5 Kh8 17. Rfe1 Qg5 18. a4 Ndf6 19. a5 Rg8 20. Bf3 e4 21. Ncxe4
fxe4 22. Bxe4 Nxh5 23. Bxh7 Rf8 24. Ra3 Nef6 25. Re7 Ng7 26. Bg6 Bg4 27. Rxc7
Ngh5 28. Bxh5 Bxh5 29. Nxh5 Qh6 30. Nxf6 1-0

[Event "ICC tourney 1897 (3 2)"]
[Site "Internet Chess Club"]
[Date "2020.07.03"]
[Round "5"]
[White "chesspro565"]
[Black "fishmaster"]
[Result "0-1"]
[WhiteElo "1549"]
[BlackElo "2078"]
[PlyCount "104"]
[EventDate "2020.??.??"]

1. d4 Nf6 2. c4 e6 3. Nf3 Bb4+ 4. Bd2 Qe7 5. Nc3 Nc6 6. g3 Bxc3 7. Bxc3 Ne4 8.
Qc2 Nxc3 9. Qxc3 O-O 10. Bg2 d6 11. O-O e5 12. dxe5 dxe5 13. e3 f6 14. a3 a5
15. b3 Be6 16. c5 Rfd8 17. b4 axb4 18. axb4 Rxa1 19. Rxa1 Qd7 20. Ne1 Qd2 21.
Qxd2 Rxd2 22. b5 Nd8 23. b6 cxb6 24. cxb6 Kf8 25. Rb1 Ke7 26. Nf3 Rd6 27. h3
Bf5 28. Rb2 Be4 29. Kf1 Bd5 30. Ke2 Ne6 31. Rb4 Nc5 32. Bf1 Nd7 33. Nd2 Rxb6
34. Rxb6 Nxb6 35. Ke1 Kd6 36. Kd1 Nd7 37. Kc2 Kc5 38. h4 b5 39. Bd3 h6 40. Kc3
b4+ 41. Kb2 Nb6 42. Nb3+ Bxb3 43. Kxb3 Nd5 44. Be2 Ne7 45. Bf3 Nc8 46. Bb7 Nd6
47. Bf3 Nc4 48. Be2 Nd2+ 49. Kc2 Ne4 50. f4 Nxg3 51. Bf3 Nf5 52. e4 Nd4+ 0-1

[Event "ICC tourney 1897 (3 2)"]
[Site "Internet Chess Club"]
[Date "2020.07.03"]
[Round "3"]
[White "chesspro565"]
[Black "PushU2Blunders"]
[Result "0-1"]
[WhiteElo "1401"]
[BlackElo "1791"]
[PlyCount "92"]
[EventDate "2020.??.??"]

1. d4 Nf6 2. c4 e6 3. Nf3 d5 4. Nc3 Be7 5. Bg5 O-O 6. e3 h6 7. Bh4 b6 8. cxd5
exd5 9. Be2 Bb7 10. O-O Nbd7 11. Rc1 c5 12. Qb3 Rc8 13. Bg3 Ba8 14. Nb5 c4 15.
Qd1 Ne4 16. Nxa7 Nxg3 17. hxg3 Rc7 18. Nb5 Rc6 19. Nc3 Rg6 20. b3 Ba3 21. Rb1
cxb3 22. Qxb3 Bd6 23. Nb5 Bb8 24. Bd3 Rf6 25. Nc3 Rd6 26. a4 Nf6 27. Nb5 Re6
28. Rbc1 Ne4 29. Qb2 Rfe8 30. Bxe4 dxe4 31. Nd2 Bd5 32. Nc3 Bb7 33. Nc4 Qg5 34.
Rb1 h5 35. Qb5 Qg6 36. d5 Rf6 37. Nxb6 Re7 38. Nd7 Rd6 39. Nxb8 h4 40. gxh4 Qg4
41. Qe2 Qxh4 42. f3 Rh6 43. Nxe4 Bxd5 44. Rfd1 Bxe4 45. Rb4 Qh2+ 46. Kf1 Rg6
0-1

[Event "ICC tourney 1897 (3 2)"]
[Site "Internet Chess Club"]
[Date "2020.07.03"]
[Round "2"]
[White "pyaru536"]
[Black "chesspro565"]
[Result "0-1"]
[WhiteElo "1186"]
[BlackElo "1403"]
[PlyCount "64"]
[EventDate "2020.??.??"]

1. d4 Nf6 2. c4 g6 3. g3 Bg7 4. Bg2 O-O 5. Nc3 d6 6. Nf3 Nbd7 7. O-O e5 8. e4
a6 9. d5 Nc5 10. Ne1 c6 11. b4 Ncd7 12. dxc6 bxc6 13. Qxd6 Qb6 14. Be3 Qb7 15.
a3 Ne8 16. Qd2 Nc7 17. Nd3 Ne6 18. Na4 Nd4 19. Nac5 Nxc5 20. Nxc5 Qc7 21. Bxd4
exd4 22. Nd3 Be6 23. Qc2 a5 24. f4 axb4 25. axb4 Qb6 26. Kh1 Ra6 27. Rxa6 Qxa6
28. Rc1 Qa3 29. e5 Bf5 30. Rd1 Rc8 31. Qb2 Qa4 32. Nc5 Qxd1+ 0-1

[Event "ICC tourney 1897 (3 2)"]
[Site "Internet Chess Club"]
[Date "2020.07.03"]
[Round "1"]
[White "chesspro565"]
[Black "espark"]
[Result "0-1"]
[WhiteElo "1342"]
[BlackElo "1608"]
[PlyCount "80"]
[EventDate "2020.??.??"]

1. d4 Nf6 2. c4 e6 3. Nf3 d5 4. Nc3 Be7 5. Bg5 O-O 6. e3 h6 7. Bh4 b6 8. cxd5
Nxd5 9. Bxe7 Qxe7 10. Nxd5 exd5 11. Be2 Be6 12. O-O c5 13. dxc5 bxc5 14. Rc1
Nd7 15. Qd2 a5 16. Bd3 Rfb8 17. Bb1 Ra7 18. Qc2 g6 19. Qd2 Nb6 20. b3 a4 21.
Ne5 axb3 22. axb3 Nd7 23. Nc6 Qd6 24. Nxa7 Qb6 25. e4 d4 26. Qxh6 Qxa7 27. f4
Bxb3 28. f5 Qb6 29. Qf4 c4 30. f6 d3+ 31. Kh1 Qb4 32. e5 d2 33. Rcd1 Bxd1 34.
Rxd1 Qxb1 35. Qxd2 Nxe5 36. h3 Qb4 37. Qh6 Qf8 38. Qf4 Re8 39. Rd5 Nd3 40. Qg4
Nf2+ 0-1

[Event "ICC tourney 1897 (3 2)"]
[Site "Internet Chess Club"]
[Date "2020.07.03"]
[Round "14"]
[White "fishmaster"]
[Black "Venegas"]
[Result "1-0"]
[WhiteElo "2056"]
[BlackElo "1590"]
[PlyCount "77"]
[EventDate "2020.??.??"]

1. Nf3 Nf6 2. c4 g6 3. Nc3 Bg7 4. e4 O-O 5. d4 c5 6. Be2 cxd4 7. Nxd4 Nc6 8.
Be3 d6 9. O-O Bd7 10. Qd2 Rc8 11. f3 Qa5 12. Rac1 Rfd8 13. b3 a6 14. Rfd1 e6
15. Nxc6 Bxc6 16. Nd5 Qxd2 17. Nxf6+ Bxf6 18. Rxd2 Kg7 19. Rcd1 Be7 20. Bb6 Rd7
21. c5 d5 22. Bc4 Bg5 23. Rd3 Re7 24. exd5 exd5 25. Bxd5 Bb5 26. Bc4 Be3+ 27.
Kf1 Bxc4 28. bxc4 Bxc5 29. Ba5 b6 30. Bc3+ Kh6 31. g4 Be3 32. Rxe3 Rxe3 33. Bd2
g5 34. Bxe3 Rxc4 35. h4 f6 36. hxg5+ fxg5 37. Rd6+ Kg7 38. Rxb6 Rc3 39. Bd4+
1-0

[Event "ICC tourney 1897 (3 2)"]
[Site "Internet Chess Club"]
[Date "2020.07.03"]
[Round "13"]
[White "Venegas"]
[Black "pyaru536"]
[Result "0-1"]
[WhiteElo "1587"]
[BlackElo "1341"]
[PlyCount "66"]
[EventDate "2020.??.??"]

1. Nf3 Nf6 2. g3 b5 3. Bg2 Bb7 4. O-O c5 5. a4 a6 6. axb5 axb5 7. Rxa8 Bxa8 8.
d4 cxd4 9. Qxd4 Nc6 10. Qd3 b4 11. Bg5 e6 12. Rd1 Be7 13. c3 d5 14. Nbd2 O-O
15. c4 dxc4 16. Qxc4 Qb6 17. Be3 Qb8 18. Nb3 Nd5 19. Bc5 Rd8 20. Ra1 Bf6 21.
Qc2 h6 22. e4 Nc7 23. Qe2 Nb5 24. Rxa8 Qxa8 25. Qxb5 Rd1+ 26. Bf1 Ne5 27. Qe2
Nxf3+ 28. Qxf3 Re1 29. Bxb4 Qxe4 30. Qxe4 Rxe4 31. Bc3 Kf8 32. Nc5 Rg4 33. Nd7+
Ke7 0-1

[Event "ICC tourney 1897 (3 2)"]
[Site "Internet Chess Club"]
[Date "2020.07.03"]
[Round "12"]
[White "cloak1"]
[Black "Venegas"]
[Result "0-1"]
[WhiteElo "1873"]
[BlackElo "1635"]
[PlyCount "92"]
[EventDate "2020.??.??"]

1. d4 c5 2. e3 cxd4 3. exd4 d6 4. Nf3 Nf6 5. Nc3 g6 6. Bg5 Bg7 7. Qd2 h6 8. Bf4
Nbd7 9. h3 Qa5 10. Bc4 e5 11. dxe5 dxe5 12. Be3 e4 13. Nd4 a6 14. O-O Ne5 15.
Bb3 b5 16. Rad1 Bb7 17. Rfe1 Rd8 18. Qc1 b4 19. Na4 Qc7 20. Ne2 O-O 21. Rxd8
Rxd8 22. Bxh6 Nc4 23. Bxg7 Kxg7 24. Rd1 Re8 25. Rd4 Ne5 26. Qg5 Nf3+ 27. gxf3
exf3 28. Ng3 Re1+ 29. Kh2 Ne4 30. Rxe4 Bxe4 31. Qd2 Re2 32. Qd4+ Kh7 33. Nc5
Bf5 34. Nd3 Bxd3 35. cxd3 Qc1 36. Qh4+ Kg7 37. Qd4+ Kh7 38. Qh4+ Kg7 39. Qd4+
Kg8 40. Qd8+ Kh7 41. Qh4+ Qh6 42. Qd4 Qd2 43. Qh4+ Kg8 44. Qd8+ Kg7 45. Qd4+
Kh7 46. Ne4 Qf4+ 0-1

[Event "ICC tourney 1897 (3 2)"]
[Site "Internet Chess Club"]
[Date "2020.07.03"]
[Round "11"]
[White "Venegas"]
[Black "Venom2020"]
[Result "0-1"]
[WhiteElo "1586"]
[BlackElo "1757"]
[PlyCount "116"]
[EventDate "2020.??.??"]

1. d4 f5 2. Nf3 Nf6 3. Bg5 e6 4. Nc3 Bb4 5. a3 Bxc3+ 6. bxc3 b6 7. c4 Bb7 8. e3
O-O 9. Be2 d6 10. O-O Nbd7 11. a4 a5 12. Rb1 Bc6 13. c3 h6 14. d5 exd5 15. cxd5
Bb7 16. Bxf6 Qxf6 17. c4 Nc5 18. Nd4 Rae8 19. Bh5 g6 20. Bf3 Bc8 21. Nb5 Rf7
22. Re1 Ba6 23. Qd4 Qxd4 24. exd4 Rxe1+ 25. Rxe1 Nxa4 26. Na3 Nb2 27. Re6 Nxc4
28. Be2 Nxa3 29. Bxa6 Nc2 30. Rxg6+ Kh7 31. Re6 Nxd4 32. Re8 Kg7 33. h4 Kf6 34.
Bc8 Re7 35. Rf8+ Kg7 36. Rd8 a4 37. Bb7 f4 38. Ra8 b5 39. Bc6 Nxc6 40. dxc6
Re1+ 41. Kh2 Kf6 42. Ra7 Ke6 43. Rxc7 Rc1 44. Rc8 b4 45. c7 Kd7 46. Rb8 Rxc7
47. Rxb4 Ra7 48. Rxf4 Ke6 49. Re4+ Kf5 50. Re2 a3 51. Ra2 Ke4 52. Kg3 Kd3 53.
Kf4 Kc3 54. g4 Kb3 55. Ra1 Kb2 56. Re1 a2 57. Re2+ Kc3 58. Re3+ Kd2 0-1

[Event "ICC tourney 1897 (3 2)"]
[Site "Internet Chess Club"]
[Date "2020.07.03"]
[Round "9"]
[White "Venegas"]
[Black "tsohal"]
[Result "0-1"]
[WhiteElo "1585"]
[BlackElo "1851"]
[PlyCount "66"]
[EventDate "2020.??.??"]

1. d4 Nf6 2. Nf3 e6 3. g3 d5 4. Bg2 b5 5. O-O Bb7 6. a4 b4 7. c3 bxc3 8. Nxc3
c5 9. a5 Be7 10. dxc5 Bxc5 11. b4 Be7 12. b5 O-O 13. Ba3 Nbd7 14. e3 Bxa3 15.
Rxa3 Qe7 16. Qa1 Rac8 17. Rb1 Ne8 18. Ne2 Nd6 19. b6 axb6 20. axb6 Nc4 21. Ra7
Rb8 22. Ned4 Qd6 23. Nh4 Ndxb6 24. Nb5 Qc5 25. Qd4 Qxd4 26. Nxd4 h6 27. Nhf3
Bc8 28. Nc6 Rb7 29. Ne7+ Rxe7 30. Rxe7 Rd8 31. Nd4 Bd7 32. Ra1 Kf8 33. Rxd7
Rxd7 0-1

[Event "ICC tourney 1897 (3 2)"]
[Site "Internet Chess Club"]
[Date "2020.07.03"]
[Round "7"]
[White "Venegas"]
[Black "dopolian"]
[Result "0-1"]
[WhiteElo "1590"]
[BlackElo "1901"]
[PlyCount "48"]
[EventDate "2020.??.??"]

1. Nf3 Nf6 2. c4 c5 3. g3 Nc6 4. Bg2 d5 5. cxd5 Nxd5 6. Nc3 Nc7 7. O-O e5 8. d3
Be7 9. Be3 O-O 10. Rc1 Bd7 11. Ne4 b6 12. a3 Ne6 13. Qb3 Rc8 14. Qd5 f6 15. Bh3
f5 16. Neg5 Bxg5 17. Nxg5 Qe7 18. Qa2 Kh8 19. Nxe6 Bxe6 20. Qb1 f4 21. Bxe6
Qxe6 22. Bd2 Nd4 23. Rce1 f3 24. Qd1 Qh3 0-1

[Event "ICC tourney 1897 (3 2)"]
[Site "Internet Chess Club"]
[Date "2020.07.03"]
[Round "6"]
[White "Venegas"]
[Black "MrNormalName"]
[Result "1-0"]
[WhiteElo "1598"]
[BlackElo "1746"]
[PlyCount "85"]
[EventDate "2020.??.??"]

1. Nf3 d5 2. d4 Nf6 3. c4 e6 4. Nc3 Be7 5. Bg5 h6 6. Bh4 O-O 7. e3 Ne4 8. Bxe7
Qxe7 9. Bd3 c6 10. O-O Nxc3 11. bxc3 dxc4 12. Bxc4 Nd7 13. Rb1 b6 14. e4 Bb7
15. e5 c5 16. d5 exd5 17. Bxd5 Bxd5 18. Qxd5 Rad8 19. Rfe1 Rfe8 20. h3 Nf8 21.
Qc4 Qe6 22. Qa4 Qd7 23. Qc4 Ne6 24. Re3 Qd5 25. Qa4 Rd7 26. c4 Qb7 27. Nd2 Red8
28. Ne4 Nf4 29. g3 Nxh3+ 30. Kh2 Rd4 31. Nd6 R4xd6 32. exd6 Nxf2 33. Re8+ Rxe8
34. Qxe8+ Kh7 35. Rf1 Ng4+ 36. Kh3 Qe4 37. Qxe4+ g6 38. Qxg4 Kg7 39. Rxf7+ Kxf7
40. Qe4 Kf6 41. d7 b5 42. d8=Q+ Kf7 43. Qee7# 1-0

[Event "ICC tourney 1897 (3 2)"]
[Site "Internet Chess Club"]
[Date "2020.07.03"]
[Round "5"]
[White "Mookmookarmy"]
[Black "Venegas"]
[Result "1-0"]
[WhiteElo "1659"]
[BlackElo "1518"]
[PlyCount "103"]
[EventDate "2020.??.??"]

1. e4 c5 2. Nf3 d6 3. d4 cxd4 4. Nxd4 Nf6 5. Nc3 g6 6. Be3 Bg7 7. Qd2 Ng4 8.
Bb5+ Bd7 9. Bxd7+ Qxd7 10. Bg5 h6 11. Bh4 Nc6 12. Nde2 Nge5 13. O-O O-O 14. b3
Rac8 15. Rac1 Ng4 16. Nd5 e6 17. Ne3 Nxe3 18. Qxe3 d5 19. exd5 Qxd5 20. c4 Qh5
21. Bg3 Rfd8 22. Rfd1 Rxd1+ 23. Rxd1 Nd4 24. Rd2 Rd8 25. h3 Nxe2+ 26. Rxe2 b6
27. Kh2 Qc5 28. Qe4 Rd7 29. Qa8+ Qf8 30. Qc6 Qd8 31. a4 h5 32. Bf4 g5 33. Bxg5
Qc7+ 34. Qxc7 Rxc7 35. Rd2 Kh7 36. Bf4 Rc5 37. Rd7 a5 38. Rxf7 Kg6 39. Rb7 Bd4
40. Bg3 Rf5 41. f3 Bc5 42. Rd7 Kg5 43. Bc7 Kf6 44. Bd8+ Ke5 45. Rb7 h4 46. Bxb6
Bd6 47. Bc7 Bxc7 48. Rxc7 Kd6 49. Rh7 Rf4 50. Ra7 Rd4 51. Rxa5 Rd3 52. Rb5 1-0

[Event "ICC tourney 1897 (3 2)"]
[Site "Internet Chess Club"]
[Date "2020.07.03"]
[Round "15"]
[White "xiaoyongfu96"]
[Black "espark"]
[Result "0-1"]
[WhiteElo "1635"]
[BlackElo "1745"]
[PlyCount "130"]
[EventDate "2020.??.??"]

1. e4 g6 2. d4 Bg7 3. Be3 c5 4. c3 cxd4 5. cxd4 d5 6. exd5 Nf6 7. Nc3 Nxd5 8.
Bb5+ Nc6 9. Qa4 O-O 10. Bxc6 bxc6 11. Qxc6 Be6 12. Nge2 Nb4 13. Qa4 Nd3+ 14.
Kf1 Nxb2 15. Qc2 Nc4 16. h3 Rc8 17. Kg1 Bf5 18. Qb3 Be6 19. Qd1 Qd6 20. Rc1
Rfd8 21. Nf4 Bf5 22. g4 Bd7 23. Kg2 e6 24. Re1 Bc6+ 25. Kg1 Nxe3 26. fxe3 e5
27. dxe5 Qxe5 28. Qe2 Ba8 29. Nb5 Qe4 30. Rxc8 Rxc8 31. Rd1 Qh1+ 32. Kf2 Qh2+
33. Kf1 Qg3 34. Qf2 Qxf2+ 35. Kxf2 a6 36. Nd4 Be4 37. a4 h6 38. h4 Rc4 39. a5
Rc5 40. Nb3 Rb5 41. Rd8+ Kh7 42. Nd2 Bb7 43. Nd3 Rxa5 44. Rb8 Rb5 45. Ke2 Bf3+
46. Nxf3 Rxb8 47. Nc5 a5 48. Kd3 Rb4 49. Nd2 Rxg4 50. Ncb3 a4 51. Nd4 Rxh4 52.
Nc2 Rg4 53. Nc4 h5 54. Ne1 h4 55. Nf3 h3 56. Ke2 Rxc4 57. Nd2 Rc2 58. Kd3 Rc3+
59. Ke2 h2 60. Nf3 h1=Q 61. Ng5+ Kg8 62. Ne4 Qxe4 63. Kf1 Rc2 64. Kg1 Qxe3+ 65.
Kf1 Qc1# 0-1

[Event "ICC tourney 1897 (3 2)"]
[Site "Internet Chess Club"]
[Date "2020.07.03"]
[Round "13"]
[White "fastnfurious"]
[Black "xiaoyongfu96"]
[Result "1-0"]
[WhiteElo "1835"]
[BlackElo "1627"]
[PlyCount "129"]
[EventDate "2020.??.??"]

1. d4 Nf6 2. Nf3 g6 3. Bg5 Bg7 4. Bxf6 Bxf6 5. e3 d5 6. c3 b6 7. h4 Bb7 8. h5
O-O 9. Bd3 c5 10. Nbd2 cxd4 11. exd4 Nd7 12. Qc2 Qe8 13. O-O-O a5 14. Rde1 e6
15. hxg6 hxg6 16. g4 Ba6 17. g5 Bg7 18. Ne5 Nxe5 19. dxe5 b5 20. Kb1 b4 21. c4
dxc4 22. Bxc4 Rc8 23. Qd3 Bxc4 24. Nxc4 Qb5 25. Qh3 Rfd8 26. Nd6 Qd5 27. Nxc8
Rxc8 28. f4 Qd2 29. Qh2 Qd3+ 30. Ka1 a4 31. Rc1 Rd8 32. Qc2 Qd4 33. Rhd1 Qb6
34. Rxd8+ Qxd8 35. Qc8 Qxc8 36. Rxc8+ Bf8 37. Kb1 Kg7 38. Kc2 Be7 39. Rb8 Bf8
40. Ra8 a3 41. bxa3 bxa3 42. Kb3 Bc5 43. Rxa3 Bxa3 44. Kxa3 Kf8 45. Kb4 Ke7 46.
a4 Kd7 47. Kc5 Kc7 48. a5 Kb7 49. Kd6 Ka6 50. Ke7 Kxa5 51. Kxf7 Kb5 52. Kxg6
Kc6 53. Kf6 Kd5 54. g6 Ke4 55. g7 Kxf4 56. Kxe6 Ke4 57. g8=Q Kd4 58. Kf5 Kc5
59. Qd8 Kc6 60. e6 Kb7 61. e7 Ka6 62. Qb8 Ka5 63. Qb7 Ka4 64. e8=Q+ Ka3 65.
Qea8# 1-0

[Event "ICC tourney 1897 (3 2)"]
[Site "Internet Chess Club"]
[Date "2020.07.03"]
[Round "12"]
[White "xiaoyongfu96"]
[Black "Sina101"]
[Result "0-1"]
[WhiteElo "1637"]
[BlackElo "1418"]
[PlyCount "112"]
[EventDate "2020.??.??"]

1. e4 c5 2. Nf3 e6 3. d4 cxd4 4. Nxd4 Nc6 5. Nc3 Qc7 6. Be2 a6 7. O-O Nf6 8.
Kh1 Nxd4 9. Qxd4 Bc5 10. Qd3 b5 11. Bg5 Bb7 12. a3 h6 13. Bh4 Qc6 14. Bf3 e5
15. Bxf6 Qxf6 16. Nd5 Qc6 17. c4 Rc8 18. b4 Bd4 19. cxb5 axb5 20. Rab1 Qc4 21.
Qd2 Qc2 22. Rbd1 Bxd5 23. exd5 O-O 24. Kg1 Rc3 25. Be2 Rb8 26. Qxc2 Rxc2 27.
Bd3 Rc3 28. g3 Rxa3 29. Be4 Rc8 30. Rc1 Rac3 31. Rcd1 Rb3 32. Rb1 Rcc3 33. Kg2
g6 34. g4 Kg7 35. Rfd1 Rxb1 36. Rxb1 Kf6 37. Rd1 Kg5 38. h3 Kf4 39. Bd3 Rb3 40.
Bxb5 Rxb4 41. Bxd7 Rb2 42. Rf1 e4 43. Kg1 Kf3 44. Bc6 Bxf2+ 45. Kh1 Kg3 46. d6
Rd2 47. Bxe4 Rxd6 48. Bg2 Rd2 49. Ra1 f5 50. Ra3+ Kh4 51. gxf5 gxf5 52. Rf3
Rd1+ 53. Kh2 Bg1+ 54. Kh1 Bd4+ 55. Kh2 Be5+ 56. Rf4+ Bxf4# 0-1

[Event "ICC tourney 1897 (3 2)"]
[Site "Internet Chess Club"]
[Date "2020.07.03"]
[Round "7"]
[White "xiaoyongfu96"]
[Black "chesspro565"]
[Result "1/2-1/2"]
[WhiteElo "1650"]
[BlackElo "1531"]
[PlyCount "146"]
[EventDate "2020.??.??"]

1. e4 c5 2. Nf3 d6 3. d4 cxd4 4. Nxd4 Nf6 5. Nc3 a6 6. Be2 e5 7. Nb3 Be7 8. O-O
O-O 9. a4 Be6 10. f4 exf4 11. Bxf4 Nc6 12. Nd4 Ne5 13. Kh1 Rc8 14. Nf5 Qc7 15.
Qd2 Bxf5 16. exf5 Qb6 17. Rab1 Rfd8 18. Be3 Qc7 19. Bg5 d5 20. Bd3 Nc4 21. Qf4
Qxf4 22. Rxf4 h6 23. Bxf6 Bxf6 24. Nxd5 Rxd5 25. Bxc4 Rdc5 26. b3 b5 27. axb5
axb5 28. Bd3 Bc3 29. h3 b4 30. Re4 Re5 31. Rxe5 Bxe5 32. g4 Bc3 33. Kg2 Re8 34.
Rf1 f6 35. Rf2 Be1 36. Re2 Rxe2+ 37. Bxe2 Bc3 38. Kf3 Kf7 39. Ke4 g6 40. Bc4+
Kg7 41. Be6 gxf5+ 42. Kxf5 Be5 43. Bd7 Bc3 44. Bc6 Bd2 45. Be4 Bc3 46. Ke6 Bd2
47. Ke7 Bc3 48. Bf5 Bd2 49. Ke6 Bc3 50. Kd5 Bd2 51. Ke4 Bc3 52. Kd3 Be5 53. Ke4
Bc3 54. Kf3 Kf7 55. Ke4 Kg7 56. Kd5 Be5 57. h4 Bc3 58. Kc4 Be1 59. Be6 Bc3 60.
Bf5 Kf7 61. Kd5 Ke7 62. Bg6 Kf8 63. Ke6 Kg7 64. Be8 Be1 65. h5 Bd2 66. Bg6 Bc3
67. Ke7 Bb2 68. Kd6 Bc3 69. Kc5 Be1 70. Kc4 Bc3 71. Kd3 Be1 72. Ke4 Bc3 73. Kd3
Be1 1/2-1/2

[Event "ICC tourney 1897 (3 2)"]
[Site "Internet Chess Club"]
[Date "2020.07.03"]
[Round "5"]
[White "xiaoyongfu96"]
[Black "pyaru536"]
[Result "0-1"]
[WhiteElo "1729"]
[BlackElo "1232"]
[PlyCount "170"]
[EventDate "2020.??.??"]

1. e4 e5 2. Nf3 Nc6 3. Bb5 a6 4. Ba4 Nf6 5. O-O Be7 6. Re1 b5 7. Bb3 d6 8. c3
O-O 9. h3 Nb8 10. d4 Nbd7 11. Nbd2 Bb7 12. d5 c6 13. dxc6 Bxc6 14. Bc2 Re8 15.
Nf1 h6 16. Ng3 Bf8 17. Bb3 Nc5 18. Bd5 Qc7 19. b3 Bxd5 20. exd5 e4 21. Nh4 Nd3
22. Re3 Qxc3 23. Bd2 Qd4 24. Ba5 Qxd5 25. Nxe4 Nxe4 26. Rxd3 Qc5 27. Be1 g6 28.
Rc1 Qe5 29. Rd5 Qe6 30. Nf3 Rac8 31. Rxc8 Rxc8 32. Bb4 Re8 33. Kh2 Nxf2 34. Qd2
Ne4 35. Qd3 h5 36. Rd4 Bg7 37. Rd5 Bf8 38. Rd4 d5 39. Rxd5 Bxb4 40. Rd4 Bf8 41.
Rd5 Nf6 42. Re5 Qc6 43. Rd5 Qc7+ 44. Kg1 Qc1+ 45. Kh2 Qf4+ 46. Kg1 Qe3+ 47.
Qxe3 Rxe3 48. Rd8 Kg7 49. Ra8 Bc5 50. Kf1 Re6 51. Ng5 Re5 52. Nf3 Re7 53. Rxa6
Ra7 54. Rc6 Be3 55. Rc3 Bh6 56. Rc5 b4 57. Rb5 Rxa2 58. Rxb4 Be3 59. Rb8 Rf2+
60. Ke1 Rxg2 61. Ne5 Bf4 62. Rb5 Bxe5 63. Rxe5 Rg3 64. b4 Rxh3 65. Ke2 Rb3 66.
b5 h4 67. Kf2 Ng4+ 68. Kg2 Nxe5 69. b6 Rxb6 70. Kh3 Nd7 71. Kxh4 Nf8 72. Kg4
Rb5 73. Kf4 g5+ 74. Kg4 Kg6 75. Kg3 f5 76. Kf3 Rb3+ 77. Kg2 f4 78. Kf2 Kf5 79.
Kg2 g4 80. Kg1 Rb2 81. Kf1 Ke4 82. Kg1 Ke3 83. Kh1 f3 84. Kg1 g3 85. Kf1 Rb1#
0-1